AK’s General Knowledge A-Z #64 - Statistics

General Stats
  • This quiz has been taken 326 times
  • The average score is 17 of 26
Answer Stats
Hint Answer % Correct
W – Pooh Bear Winnie
95%
Y – a sign of someone’s tiredness Yawn
91%
K – first name of Platt, Jenner, or Minogue Kylie
89%
D – a blessing in ________ Disguise
87%
Q – a group of five musicians Quintet
87%
S – a stage in a process, or to move the foot in walking Step
87%
P – image sharing and social media service with “ideas” on pinboards Pinterest
82%
V – a sensation of whirling and loss of balance, or Hitchcock’s Freudian mind-bender from 1958 Vertigo
81%
E – quantity that can be converted in form but not created or destroyed; its unit is joule Energy
80%
O – NASA’s crew vehicle, or the cat in Men in Black (“The galaxy is in _____’s belt”) Orion
76%
B – 1991 movie Point _____, or what the fever does Break
74%
I – queen who was approached by an Italian navigator in 1492 and decided to give him funding Isabella I
74%
N – body part that is cervix or collum in Latin and where NBA star J. R. Smith has a Yankees logo tattoo Neck
73%
C – historic county in England that is “Kernow” in Cornish Cornwall
71%
J – author of Ulysses (1922), novel set in Dublin James Joyce
67%
R – the youngest person to become President of the United States Theodore Roosevelt
66%
F – what you try to capture in the board game Stratego, or what is of a unique shape in Nepal Flag
65%
T – an archipelago off the southernmost tip of the South American mainland; name means “Land of Fire” Tierra del Fuego
56%
L – ______ Antilles, a group of islands incl. Barbados, Saint Lucia, Grenada, etc. Lesser
54%
M – what Muhammad must go to if it won’t come to Muhammad Mountain
53%
Z – achtzehn, neunzehn, _______, einundzwanzig Zwanzig
39%
X – first name used by golfer Schauffele, or Alfred Döblin's Berlin Ale______platz Xander
33%
A – world's third-largest technology company, created through a restructuring of Google Alphabet Inc.
28%
G – city that replaced Bujumbura as a national capital in 2019 Gitega
25%
H – Finnish gothic rock band with hit “Join Me in Death”; previous name was His Infernal Majesty HIM
19%
U – Mark Levin’s book _________ of the Press, which shows how the freedom of the press is being destroyed from within Unfreedom
5%
No matching quizzes found
Score Distribution
Percent of People with Each Score
Percentile by Number Answered
Your Score History
You have not taken this quiz